[Event "Arad op 16th"]
[Site "Arad"]
[Date "2023.08.08"]
[Round "2"]
[White "Tubak, Daniel"]
[Black "Kozak, Adam"]
[Result "1/2-1/2"]
[WhiteElo "2200"]
[BlackElo "2574"]
[PlyCount "179"]
[EventDate "2023.08.07"]
[EventType "swiss"]
[EventRounds "9"]
[EventCountry "ROU"]
[SourceTitle "EXT 2024"]
[Source "ChessBase"]
[SourceDate "2023.10.10"]
[SourceVersion "1"]
[SourceVersionDate "2023.10.10"]
[SourceQuality "1"]

1. e4 e5 2. Nf3 Nc6 3. Bc4 Bc5 4. c3 Nf6 5. d3 a5 6. 0-0 d6 7. Re1 Ba7 8. Nbd2 0-0 9. h3 Be6 10. Bxe6 fxe6 11. Nf1 a4 12. Be3 Bxe3 13. Rxe3 Qe8 14. g3 Qg6 15. N1h2 h6 16. Nh4 Qf7 17. Rf3 Kh7 18. Ng4 Qe7 19. Qd2 Nxg4 20. Rxf8 Rxf8 21. hxg4 d5 22. Qe2 d4 23. c4 b6 24. Nf3 g5 25. Kg2 Kg6 26. Rh1 Kg7 27. Qd2 Ra8 28. Rc1 a3 29. b3 Qb4 30. Qe2 Qc5 31. Rh1 Rf8 32. Ra1 Qa5 33. Rc1 Rc8 34. Qc2 Kf6 35. Qe2 Rf8 36. Rh1 Kg7 37. Rc1 Rf6 38. Qc2 Kf8 39. Qe2 Ke7 40. Qc2 Kd7 41. Qe2 Rf8 42. Qc2 Qc5 43. Qe2 Rf6 44. Ra1 Kc8 45. Rc1 Kb7 46. Ne1 Qa5 47. Nf3 Rf8 48. Qc2 Qc5 49. Qe2 Rf6 50. Ne1 Qa5 51. Nf3 Kc8 52. Qc2 Qc5 53. Qe2 Qf8 54. Ra1 Qe7 55. Rh1 Kb7 56. Ra1 Rf8 57. Rb1 Qb4 58. Rc1 Kc8 59. Qc2 Qe7 60. Qe2 Qf6 61. Rh1 Nb4 62. Ne1 Kb7 63. Qd2 c5 64. Qe2 Kc6 65. Rg1 Qf7 66. Rh1 Qf6 67. Rg1 Kc7 68. Rh1 Rf7 69. Rg1 Kd8 70. Rh1 Ke8 71. Rh2 Kf8 72. Rh1 Kg7 73. Rh2 Qd8 74. Rh1 Rf8 75. Nf3 Qf6 76. Ne1 Qf7 77. Rh2 Qe7 78. Rh1 Qd8 79. Nf3 Qf6 80. Ne1 Qf7 81. Rh2 Qe7 82. Rh1 Qd8 83. Nf3 Nc6 84. Qd2 Qf6 85. Qe2 Qf7 86. Rh2 Qxf3+ 87. Qxf3 Rxf3 88. Kxf3 Nb4 89. Rh1 Nxd3 90. Rd1 1/2-1/2

[Event "Arad op 16th"]
[Site "Arad"]
[Date "2023.08.08"]
[Round "3"]
[White "Tubak, Daniel"]
[Black "Moroni, Luca Jr"]
[Result "0-1"]
[WhiteElo "2205"]
[BlackElo "2573"]
[PlyCount "76"]
[EventDate "2023.08.07"]
[EventType "swiss"]
[EventRounds "9"]
[EventCountry "ROU"]
[SourceTitle "EXT 2024"]
[Source "ChessBase"]
[SourceDate "2023.10.10"]
[SourceVersion "1"]
[SourceVersionDate "2023.10.10"]
[SourceQuality "1"]

1. e4 e5 2. Nf3 Nc6 3. Bc4 Bc5 4. 0-0 Nf6 5. d3 d6 6. a4 a6 7. c3 h6 8. Nbd2 Ba7 9. Re1 g5 10. b4 Nh5 11. Nf1 g4 12. N3d2 Qf6 13. Ne3 Nf4 14. Ndf1 h5 15. Ra2 Ne7 16. Nd5 Nexd5 17. Bxd5 h4 18. Bxf4 Qxf4 19. d4 c6 20. Bc4 Bd7 21. Qd2 Qf6 22. Rd1 Ke7 23. Ne3 Rh7 24. Be2 g3 25. Bg4 gxh2+ 26. Kh1 exd4 27. cxd4 h3 28. e5 hxg2+ 29. Nxg2 Qh6 30. Qe2 d5 31. Bxd7 Kxd7 32. b5 Rg8 33. bxc6+ Qxc6 34. f4 Rhg7 35. Rc2 Rxg2 36. Qxg2 Rxg2 37. Rxg2 Qxa4 38. Rgd2 Qb3 0-1

[Event "Timisoara Foisor Memorial Rapid"]
[Site "Timisoara"]
[Date "2023.08.06"]
[Round "7"]
[White "Ardelean, George Catalin"]
[Black "Tubak, Daniel"]
[Result "1-0"]
[WhiteElo "2447"]
[BlackElo "2200"]
[PlyCount "75"]
[EventDate "2023.08.05"]
[EventType "swiss (rapid)"]
[EventRounds "10"]
[EventCountry "ROU"]
[SourceTitle "CBM 215 Extra"]
[Source "ChessBase"]
[SourceDate "2023.09.30"]
[SourceVersion "1"]
[SourceVersionDate "2023.09.30"]
[SourceQuality "1"]

1. d4 Nf6 2. Bf4 d5 3. e3 c5 4. Nc3 e6 5. Nb5 Na6 6. c3 Be7 7. a4 0-0 8. h4 Ne4 9. Nf3 Bd7 10. Bd3 Bxb5 11. axb5 Nc7 12. Ng5 Nf6 13. g4 Bd6 14. Be5 Nce8 15. Qb1 h6 16. f3 Qe7 17. Be2 g6 18. Nh3 Bxe5 19. dxe5 Nd7 20. f4 Kg7 21. Nf2 f5 22. Qc2 Rh8 23. 0-0-0 h5 24. gxh5 gxh5 25. Rhg1+ Kf7 26. Rg5 Ng7 27. Rdg1 Rag8 28. Qd1 Nf8 29. Bxh5+ Nxh5 30. Rxg8 Rxg8 31. Qxh5+ Ng6 32. Rg5 Qf8 33. Nh3 Qg7 34. Qd1 Qh6 35. h5 Ne7 36. Qa4 Nc8 37. b6 Nxb6 38. Qxa7 1-0

[Event "HUN-ch Rapid"]
[Site "Ajka"]
[Date "2022.07.16"]
[Round "6"]
[White "Tubak, Daniel"]
[Black "Tolnai, Tibor"]
[Result "0-1"]
[WhiteElo "2182"]
[BlackElo "2433"]
[PlyCount "90"]
[EventDate "2022.07.15"]
[EventType "swiss (rapid)"]
[EventRounds "13"]
[EventCountry "HUN"]
[SourceTitle "CBM 209 Extra"]
[Source "ChessBase"]
[SourceDate "2022.09.30"]
[SourceVersion "1"]
[SourceVersionDate "2022.09.30"]
[SourceQuality "1"]

1. e4 c5 2. Nf3 e6 3. d4 cxd4 4. Nxd4 a6 5. Nc3 b5 6. Bd3 Bb7 7. 0-0 Ne7 8. Qe2 Nbc6 9. Nxc6 Nxc6 10. f4 Be7 11. Be3 Nb4 12. Bd4 0-0 13. Qg4 f6 14. a3 Nxd3 15. cxd3 Rc8 16. Rac1 Bc5 17. Bxc5 Rxc5 18. Qg3 f5 19. Qe3 Rc8 20. Qd4 Bc6 21. e5 g5 22. Ne2 Kh8 23. Qe3 gxf4 24. Nxf4 Rg8 25. Rf2 Rg4 26. Rd1 Qg5 27. Re1 Rg8 28. Ree2 h5 29. Qd2 Kh7 30. Nh3 Qh4 31. Qe3 R8g7 32. Nf4 Qg5 33. Qd2 h4 34. Nh3 Qd8 35. Rf4 Rxg2+ 36. Rxg2 Rxg2+ 37. Qxg2 Bxg2 38. Kxg2 Qc7 39. Rxh4+ Kg7 40. Nf4 Qxe5 41. Kf3 Qxb2 42. Rh3 Qxa3 43. Rg3+ Kf7 44. Ke3 Qc1+ 45. Kf3 b4 0-1

[Event "HUN-chT 2122"]
[Site "Hungary"]
[Date "2021.10.31"]
[Round "2.10"]
[White "Tubak, Daniel"]
[Black "Balazs, Gabor1111"]
[Result "1/2-1/2"]
[WhiteElo "2209"]
[BlackElo "2387"]
[PlyCount "62"]
[EventDate "2021.10.10"]
[EventType "team-tourn"]
[EventRounds "9"]
[EventCountry "HUN"]
[SourceTitle "EXT 2023"]
[Source "ChessBase"]
[SourceDate "2022.10.05"]
[SourceVersion "1"]
[SourceVersionDate "2022.10.05"]
[SourceQuality "1"]
[WhiteTeam "Maroczy"]
[BlackTeam "Paks"]
[WhiteTeamCountry "HUN"]
[BlackTeamCountry "HUN"]

1. e4 c5 2. Nf3 e6 3. d4 cxd4 4. Nxd4 a6 5. c4 Nf6 6. Nc3 Bb4 7. Qd3 d6 8. Nc2 Bxc3+ 9. Qxc3 Nxe4 10. Qxg7 Qf6 11. Qxf6 Nxf6 12. b3 Nbd7 13. Ba3 Nc5 14. Rd1 Ke7 15. Be2 Bd7 16. 0-0 a5 17. Bb2 Ra6 18. Rfe1 Rg8 19. Bf3 Ne8 20. Nd4 Kf8 21. Ba3 b6 22. Nc6 Bxc6 23. Bxc6 Ke7 24. Re2 Ng7 25. f4 Nf5 26. g3 Ra7 27. Kf2 Rc7 28. Bf3 Rd7 29. Bb2 Rc7 30. Ba3 Rd7 31. Bb2 Rc7 1/2-1/2

[Event "HUN-chT 1920"]
[Site "Hungary"]
[Date "2019.11.17"]
[Round "2.10"]
[White "Galyas, Miklos"]
[Black "Tubak, Daniel"]
[Result "1-0"]
[WhiteElo "2478"]
[BlackElo "2213"]
[PlyCount "79"]
[EventDate "2019.11.16"]
[EventType "team-tourn"]
[EventRounds "9"]
[EventCountry "HUN"]
[SourceTitle "CBM 193 Extra"]
[Source "ChessBase"]
[SourceDate "2020.01.31"]
[SourceVersion "1"]
[SourceVersionDate "2020.01.31"]
[SourceQuality "1"]
[WhiteTeam "Aquaprofit"]
[BlackTeam "Maroczy"]
[WhiteTeamCountry "HUN"]
[BlackTeamCountry "HUN"]

1. Nf3 Nf6 2. g3 g6 3. b3 Bg7 4. Bb2 0-0 5. Bg2 c5 6. c4 Nc6 7. 0-0 d6 8. d4 cxd4 9. Nxd4 Bd7 10. Nc3 Rb8 11. Nc2 a6 12. Nd5 Nxd5 13. Bxg7 Ne3 14. Nxe3 Kxg7 15. Rc1 Rc8 16. Qd2 Be6 17. Rfd1 Qb6 18. Qb2+ Kg8 19. Nd5 Bxd5 20. Bxd5 Ne5 21. Qd2 Nd7 22. e3 a5 23. Rb1 Qc7 24. Qd4 Nc5 25. h4 Qd7 26. Bf3 Rc7 27. Kg2 h6 28. Qf4 Kg7 29. Qd4+ Kg8 30. Rd2 Rb8 31. Rbd1 b5 32. cxb5 Rxb5 33. Bd5 Rb4 34. Bc4 a4 35. Bxf7+ Kxf7 36. Qxb4 axb3 37. axb3 Qc6+ 38. f3 Kg7 39. Qc3+ Kh7 40. b4 1-0

[Event "HUN-chT U18"]
[Site "Budapest"]
[Date "2019.10.28"]
[Round "5.1"]
[White "Geher, Koppany"]
[Black "Tubak, Daniel"]
[Result "1-0"]
[WhiteElo "2256"]
[BlackElo "2219"]
[PlyCount "91"]
[EventDate "2019.10.26"]
[EventType "team-swiss"]
[EventRounds "7"]
[EventCountry "HUN"]
[SourceTitle "CBM 192 Extra"]
[Source "Chessbase"]
[SourceDate "2019.11.06"]
[SourceVersion "1"]
[SourceVersionDate "2019.11.06"]
[SourceQuality "1"]
[WhiteTeam "Budapest MTK"]
[BlackTeam "Szeged Maroczy"]
[WhiteTeamCountry "HUN"]
[BlackTeamCountry "HUN"]

1. e4 d6 2. d4 Nf6 3. Nc3 g6 4. Nf3 Bg7 5. Be2 0-0 6. 0-0 Bg4 7. Be3 c6 8. a4 Bxf3 9. Bxf3 Nbd7 10. Be2 e5 11. dxe5 dxe5 12. Bc4 Qc7 13. Qe2 Rfe8 14. f3 Bf8 15. Kh1 Bc5 16. Bxf7+ Kxf7 17. Qc4+ Re6 18. Bxc5 b5 19. axb5 cxb5 20. Nxb5 Qxc5 21. Qxc5 Nxc5 22. Nc7 Rb8 23. Nxe6 Kxe6 24. Rfb1 Rb7 25. b4 Ncd7 26. Ra6+ Ke7 27. c3 Nb8 28. Ra5 Nfd7 29. Rba1 a6 30. Kg1 Ke6 31. g3 Rc7 32. R5a3 Rc6 33. Rd1 Rc8 34. Rd3 Nb6 35. Ra5 Rc7 36. f4 Nc4 37. Ra1 Rc6 38. Rd8 Nd7 39. f5+ gxf5 40. exf5+ Ke7 41. Ra8 Nd6 42. R1xa6 Rxc3 43. Rh8 Nxf5 44. Rxh7+ Kd8 45. Ra8+ Rc8 46. Rh8+ 1-0

[Event "HUN-chT 1819"]
[Site "Hungary"]
[Date "2019.04.27"]
[Round "8.3"]
[White "Farkas, Tibor"]
[Black "Tubak, Daniel"]
[Result "1-0"]
[WhiteElo "2310"]
[BlackElo "2201"]
[PlyCount "71"]
[EventDate "2018.11.17"]
[EventType "team-tourn"]
[EventRounds "9"]
[EventCountry "HUN"]
[SourceTitle "CBM 190 Extra"]
[Source "ChessBase"]
[SourceDate "2019.07.15"]
[SourceVersion "1"]
[SourceVersionDate "2019.07.15"]
[SourceQuality "1"]
[WhiteTeam "Mako Duocor"]
[BlackTeam "Maroczy"]
[WhiteTeamCountry "HUN"]
[BlackTeamCountry "HUN"]

1. e4 e6 2. d4 d5 3. Nc3 Bb4 4. e5 c5 5. a3 Bxc3+ 6. bxc3 Ne7 7. Qg4 Qc7 8. Qxg7 Rg8 9. Qxh7 cxd4 10. Ne2 Nbc6 11. f4 dxc3 12. h4 Bd7 13. h5 0-0-0 14. Qd3 d4 15. h6 Rg6 16. h7 Rh8 17. Nxd4 Nxd4 18. Qxd4 b6 19. Rh3 Nf5 20. Qb4 Rg3 21. Rxg3 Nxg3 22. Ba6+ Kb8 23. Kf2 Nh1+ 24. Kg1 Rxh7 25. Qf8+ Bc8 26. Be3 Ng3 27. Kf2 Ne4+ 28. Kf3 f5 29. exf6 Nd6 30. Rd1 Qc6+ 31. Kf2 Nb7 32. Bd4 Rh2 33. Be5+ Ka8 34. Bxb7+ Kxb7 35. Qg7+ Ka6 36. f7 1-0

[Event "HUN-chT U18"]
[Site "Zalakaros"]
[Date "2018.07.28"]
[Round "5.3"]
[White "Borhy, Marcell Boldizsar"]
[Black "Tubak, Daniel"]
[Result "1/2-1/2"]
[WhiteElo "2234"]
[BlackElo "2158"]
[PlyCount "82"]
[EventDate "2018.07.26"]
[EventType "team-swiss"]
[EventRounds "7"]
[EventCountry "HUN"]
[SourceTitle "CBM 185 Extra"]
[Source "ChessBase"]
[SourceDate "2018.07.29"]
[SourceVersion "1"]
[SourceVersionDate "2018.07.29"]
[SourceQuality "1"]
[WhiteTeam "Haladas"]
[BlackTeam "Maroczy"]
[WhiteTeamCountry "HUN"]
[BlackTeamCountry "HUN"]

1. d4 Nf6 2. c4 g6 3. Nf3 Bg7 4. g3 0-0 5. Bg2 d6 6. 0-0 Nbd7 7. Nc3 c6 8. e4 e5 9. h3 Qa5 10. Re1 exd4 11. Nxd4 Ne5 12. Bf1 Re8 13. Be3 c5 14. Nb3 Qb4 15. Bd2 Qb6 16. f4 Nc6 17. Nd5 Qd8 18. Nxf6+ Bxf6 19. Qc2 Nd4 20. Nxd4 Bxd4+ 21. Be3 Bg7 22. Bd2 f5 23. Bc3 fxe4 24. Bxg7 Kxg7 25. Rxe4 Bf5 26. Rxe8 Bxc2 27. Rxd8 Rxd8 28. Bg2 b6 29. Re1 Kf8 30. Kf2 Re8 31. g4 Rxe1 32. Kxe1 Bb1 33. a3 Ba2 34. Bd5 b5 35. b4 cxb4 36. axb4 Bxc4 37. Bg2 d5 38. Kd2 d4 39. Be4 Kf7 40. h4 Kf6 41. Ke1 Be6 1/2-1/2

[Event "HUN-chT U18"]
[Site "Hajduboszormeny"]
[Date "2016.11.03"]
[Round "2.32"]
[White "Szukics, Adam"]
[Black "Tubak, Daniel"]
[Result "1-0"]
[WhiteElo "2290"]
[BlackElo "2109"]
[PlyCount "127"]
[EventDate "2016.11.02"]
[EventType "team-swiss"]
[EventRounds "8"]
[EventCountry "HUN"]
[SourceTitle "CBM 175 Extra"]
[Source "ChessBase"]
[SourceDate "2016.12.12"]
[SourceVersion "1"]
[SourceVersionDate "2016.12.12"]
[SourceQuality "1"]

1. e4 c5 2. Nf3 Nc6 3. Bb5 g6 4. 0-0 Bg7 5. Re1 Nf6 6. e5 Nd5 7. Nc3 Nxc3 8. bxc3 0-0 9. d4 d6 10. Bxc6 bxc6 11. Bg5 dxe5 12. Nxe5 Bxe5 13. dxe5 Qxd1 14. Raxd1 Re8 15. Re4 Be6 16. Ra4 a6 17. h3 c4 18. Rb1 Bd5 19. Ra5 Kg7 20. Rb7 Kf8 21. Bh6+ Kg8 22. Bg5 Kf8 23. Bh6+ Kg8 24. Rb6 f6 25. Bf4 Reb8 26. Rxb8+ Rxb8 27. exf6 Rb1+ 28. Kh2 exf6 29. Rxa6 Kf7 30. Be3 Ke6 31. Bc5 Rc1 32. Kg3 Rxc2 33. Bd4 f5 34. h4 h6 35. f3 g5 36. hxg5 hxg5 37. Ra7 f4+ 38. Kh3 Kd6 39. Ra5 Re2 40. Bc5+ Kd7 41. Ra7+ Ke8 42. a4 Be6+ 43. Kh2 g4 44. Re7+ Kd8 45. fxg4 f3 46. Rxe6 Rxe6 47. gxf3 Re2+ 48. Kg3 Ra2 49. g5 Ke8 50. f4 Kf7 51. f5 Rxa4 52. Bd4 Ra1 53. g6+ Kg8 54. f6 Rf1 55. f7+ Kf8 56. Bc5+ Kg7 57. f8Q+ Rxf8 58. Bxf8+ Kxf8 59. Kf4 Kg7 60. Kf5 Kf8 61. Kf6 Kg8 62. Ke6 Kg7 63. Kd6 Kxg6 64. Kxc6 1-0

[Event "HUN-chT2 Toth 1617"]
[Site "Hungary"]
[Date "2016.09.25"]
[Round "1.1"]
[White "Udvardi, Zalan"]
[Black "Tubak, Daniel"]
[Result "0-1"]
[WhiteElo "2036"]
[BlackElo "2092"]
[PlyCount "72"]
[EventDate "2016.09.25"]
[EventType "team-tourn"]
[EventRounds "11"]
[EventCountry "HUN"]
[SourceTitle "EXT 2021"]
[Source "ChessBase"]
[SourceDate "2020.10.23"]
[SourceVersion "1"]
[SourceVersionDate "2020.10.23"]
[SourceQuality "1"]
[WhiteTeam "Szentes Integral"]
[BlackTeam "Szeged Maroczy II"]
[WhiteTeamCountry "HUN"]
[BlackTeamCountry "HUN"]

1. e4 e6 2. d4 d5 3. Nd2 Be7 4. Ngf3 Nf6 5. Bd3 c5 6. dxc5 Nc6 7. 0-0 Bxc5 8. e5 Nd7 9. Nb3 Be7 10. Re1 0-0 11. c3 f6 12. exf6 Bxf6 13. Qc2 h6 14. Be3 e5 15. Bf5 e4 16. Nfd4 Nde5 17. Ne6 Bxe6 18. Bxe6+ Kh8 19. Red1 Nd3 20. f3 Bg5 21. Bxg5 Qxg5 22. Bxd5 Qe3+ 23. Kf1 Rxf3+ 24. gxf3 Qxf3+ 25. Kg1 Qe3+ 26. Kg2 Nf4+ 27. Kf1 Rf8 28. Qf2 Ne6 29. Rd2 Rxf2+ 30. Rxf2 Qd3+ 31. Ke1 Qxd5 32. Rd1 Qg5 33. Nc1 e3 34. Rf1 Nf4 35. Rd6 Qh4+ 36. Kd1 Qg4+ 0-1

[Event "HUN-ch U14"]
[Site "Balatonlelle"]
[Date "2016.06.27"]
[Round "4"]
[White "Vodila, Martin Botond"]
[Black "Tubak, Daniel"]
[Result "1/2-1/2"]
[WhiteElo "2031"]
[BlackElo "2076"]
[PlyCount "21"]
[EventDate "2016.06.24"]
[EventType "swiss"]
[EventRounds "7"]
[EventCountry "HUN"]
[SourceTitle "CBM 173 Extra"]
[Source "ChessBase"]
[SourceDate "2016.08.29"]
[SourceVersion "1"]
[SourceVersionDate "2016.08.29"]
[SourceQuality "1"]

1. e4 c5 2. Nf3 Nc6 3. Bb5 g6 4. Bxc6 bxc6 5. d4 Bg7 6. 0-0 cxd4 7. Nxd4 c5 8. Nb3 d6 9. Re1 Be6 10. Nc3 Rc8 11. Bf4 1/2-1/2

[Event "HUN-chT Csongrad Region"]
[Site "Hungary"]
[Date "2016.02.21"]
[Round "6.3"]
[White "Tubak, Daniel"]
[Black "Kurucz, Gergely"]
[Result "1-0"]
[WhiteElo "1962"]
[BlackElo "1618"]
[PlyCount "81"]
[EventDate "2015.09.20"]
[EventType "team-tourn"]
[EventRounds "9"]
[EventCountry "HUN"]
[SourceTitle "EXT 2017"]
[Source "ChessBase"]
[SourceDate "2016.10.25"]
[SourceVersion "1"]
[SourceVersionDate "2016.10.25"]
[SourceQuality "1"]

1. e4 e5 2. Nf3 d6 3. d4 exd4 4. Nxd4 Nf6 5. Nc3 Be6 6. Nxe6 fxe6 7. Bc4 Qd7 8. Bg5 Qf7 9. 0-0 Nbd7 10. f4 Nb6 11. Bb3 c6 12. f5 Be7 13. Bxe6 Qh5 14. Qxh5+ Nxh5 15. Bxe7 Kxe7 16. Rfe1 Rhf8 17. Rad1 Nf6 18. Bb3 Rad8 19. g3 Nh5 20. e5 d5 21. g4 Nf4 22. Rf1 g5 23. Rde1 Nd7 24. Ne2 Nxe2+ 25. Rxe2 Nc5 26. c3 Nxb3 27. axb3 b6 28. Rd1 h6 29. Red2 Rd7 30. c4 Rfd8 31. cxd5 cxd5 32. Rc1 d4 33. Rc6 Rd5 34. Rc7+ R8d7 35. Rxd7+ Kxd7 36. e6+ Ke7 37. Kf2 h5 38. h3 h4 39. Kf3 Rb5 40. Rd3 Rb4 41. Ke4 1-0

[Event "HUN-chT2 Toth 1516"]
[Site "Hungary"]
[Date "2015.09.26"]
[Round "2.5"]
[White "Tubak, Daniel"]
[Black "Kovacs, Arthur"]
[Result "1-0"]
[WhiteElo "2050"]
[BlackElo "1989"]
[PlyCount "61"]
[EventDate "2015.09.13"]
[EventType "team-tourn"]
[EventRounds "11"]
[EventCountry "HUN"]
[SourceTitle "CBM 170 Extra"]
[Source "ChessBase"]
[SourceDate "2016.02.25"]
[SourceVersion "1"]
[SourceVersionDate "2016.02.25"]
[SourceQuality "1"]
[WhiteTeam "Maroczy II"]
[BlackTeam "Mako SVSE II"]
[WhiteTeamCountry "HUN"]
[BlackTeamCountry "HUN"]

1. e4 c6 2. d4 d5 3. Nc3 dxe4 4. Nxe4 Nd7 5. Ng5 Ngf6 6. Bc4 e6 7. Qe2 Nb6 8. Bb3 a5 9. c3 h6 10. Ne4 Nxe4 11. Qxe4 a4 12. Bc2 Qd5 13. Qe2 Nd7 14. Nf3 Nf6 15. Bf4 b6 16. Bd3 Be7 17. 0-0 0-0 18. Ne5 Bb7 19. Bc4 Qd8 20. Rfe1 Nd5 21. Bxd5 Qxd5 22. Qg4 f5 23. Qg3 Kh7 24. Qg6+ Kg8 25. Bxh6 Bf6 26. Re3 Rae8 27. Rae1 Bxe5 28. Rxe5 Qd7 29. Rxe6 Rxe6 30. Rxe6 Qf7 31. Qg5 1-0

[Event "HUN-chT U18"]
[Site "Budapest"]
[Date "2015.08.30"]
[Round "8.21"]
[White "Czupor, Attila"]
[Black "Tubak, Daniel"]
[Result "0-1"]
[WhiteElo "2125"]
[BlackElo "1961"]
[PlyCount "134"]
[EventDate "2015.08.26"]
[EventType "team-swiss"]
[EventRounds "8"]
[EventCountry "HUN"]
[SourceTitle "EXT 2016"]
[Source "ChessBase"]
[SourceDate "2015.10.08"]
[SourceVersion "1"]
[SourceVersionDate "2015.10.08"]
[SourceQuality "1"]

1. e4 e6 2. d4 d5 3. Nc3 Bb4 4. exd5 exd5 5. Bd3 Nf6 6. Nge2 0-0 7. 0-0 c6 8. Bg5 Bg4 9. h3 Bh5 10. f4 Bxe2 11. Qxe2 Nbd7 12. Bf5 Qc7 13. Qf2 Rfe8 14. Rae1 Bd6 15. Rxe8+ Rxe8 16. g4 b6 17. Qf3 Kh8 18. Bh4 b5 19. g5 Ng8 20. Bd3 Ne7 21. f5 g6 22. Re1 Qd8 23. Qe2 Rf8 24. f6 Nc8 25. Bf2 Rg8 26. h4 Nf8 27. Qg4 Qd7 28. Be2 Ne6 29. Bf3 Nb6 30. Qh3 Nxd4 31. Bg4 Nf5 32. Re2 Nc4 33. Bxf5 Qxf5 34. Qxf5 gxf5 35. Bxa7 Nxb2 36. Rg2 Nc4 37. Bd4 Ne5 38. Rf2 Ng6 39. h5 Nh4 40. g6 hxg6 41. hxg6 Rxg6+ 42. Kf1 Kg8 43. Re2 Nf3 44. Re8+ Kh7 45. Ne2 Nxd4 46. Nxd4 Rxf6 47. Nxc6 Bc5 48. Rc8 f4 49. Ne5 Be3 50. Rb8 Rf5 51. Nf3 d4 52. Rd8 b4 53. Nxd4 Ra5 54. Nc6 Rxa2 55. Nxb4 Rb2 56. Nd5 Rxc2 57. Nxe3 fxe3 58. Re8 e2+ 59. Rxe2 Rxe2 60. Kxe2 Kg6 61. Kf3 Kf5 62. Ke2 Kg4 63. Kf2 Kf4 64. Ke2 Kg3 65. Ke3 f5 66. Ke2 f4 67. Kf1 Kf3 0-1